[Event "Bogota Superate Intercol (Women)"]
[Site "Bogota"]
[Date "2014.10.23"]
[Round "5.11"]
[White "Alvarez, Julia Bethzabeth"]
[Black "Arenas, Paula"]
[Result "0-1"]
[WhiteElo "1456"]
[BlackElo "1492"]
[PlyCount "76"]
[EventDate "2014.10.21"]
[EventType "swiss"]
[EventRounds "5"]
[EventCountry "COL"]
[SourceTitle "EXT 2024"]
[Source "ChessBase"]
[SourceDate "2023.10.10"]
[SourceVersion "1"]
[SourceVersionDate "2023.10.10"]
[SourceQuality "1"]

1. e4 e5 2. c3 Nc6 3. d3 Nf6 4. Nd2 Bc5 5. h3 Nxe4 6. Nxe4 Bb6 7. Bg5 f6 8. Qh5+ Kf8 9. Be3 g6 10. Qh6+ Kg8 11. d4 f5 12. Bc4+ d5 13. Nf6+ Kf7 14. Bg5 exd4 15. Bxd5+ Ke7 16. Nxh7+ Kd7 17. Bf6 Qe8+ 18. Kd2 dxc3+ 19. Kxc3 Ba5+ 20. b4 Bb6 21. Bxh8 Qxh8+ 22. Kc4 Qd4+ 23. Kb3 Qxd5+ 24. Kb2 Bd4+ 25. Kc2 Qc4+ 26. Kd1 Qd3+ 27. Kc1 Bxa1 28. Nf8+ Ke8 29. Qxg6+ Kxf8 30. Qh6+ Kf7 31. Qh5+ Kf6 32. Qh4+ Ke6 33. Qh6+ Kd5 34. Ne2 Qxe2 35. Rd1+ Nd4 36. Rd2 Qe1+ 37. Rd1 Qc3+ 38. Kb1 Qb2# 0-1

[Event "Bogota Superate Intercol Adv (Women)"]
[Site "Bogota"]
[Date "2014.10.23"]
[Round "5.9"]
[White "Alvarez, Julia Bethzabeth"]
[Black "Rivera Quintero, Maria Isabel"]
[Result "0-1"]
[WhiteElo "1456"]
[BlackElo "1479"]
[PlyCount "44"]
[EventDate "2014.10.23"]
[EventType "swiss (rapid)"]
[EventRounds "6"]
[EventCountry "COL"]
[SourceTitle "EXT 2024"]
[Source "ChessBase"]
[SourceDate "2023.10.10"]
[SourceVersion "1"]
[SourceVersionDate "2023.10.10"]
[SourceQuality "1"]

1. e4 c5 2. Nf3 d6 3. d4 cxd4 4. Nxd4 Nf6 5. Bb5+ Bd7 6. Nc3 g6 7. 0-0 Bg7 8. Re1 0-0 9. e5 dxe5 10. Rxe5 a6 11. Be2 e6 12. Bf4 Nc6 13. Nxc6 Bxc6 14. Qxd8 Raxd8 15. Rd1 Rxd1+ 16. Bxd1 Rd8 17. Rc5 Nd5 18. h3 Nxc3 19. bxc3 Rxd1+ 20. Kh2 Rd5 21. Rc4 Ra5 22. Bc7 Be5+ 0-1

[Event "Bogota Superate Intercol Adv (Women)"]
[Site "Bogota"]
[Date "2014.10.23"]
[Round "4.7"]
[White "Velasquez, Angie Gabriela"]
[Black "Alvarez, Julia Bethzabeth"]
[Result "1-0"]
[WhiteElo "1746"]
[BlackElo "1456"]
[PlyCount "33"]
[EventDate "2014.10.23"]
[EventType "swiss (rapid)"]
[EventRounds "6"]
[EventCountry "COL"]
[SourceTitle "EXT 2024"]
[Source "ChessBase"]
[SourceDate "2023.10.10"]
[SourceVersion "1"]
[SourceVersionDate "2023.10.10"]
[SourceQuality "1"]

1. e4 d6 2. d4 Nf6 3. Nc3 Be6 4. Nf3 Nc6 5. d5 Ne5 6. dxe6 Nxf3+ 7. Qxf3 g6 8. Bc4 Bg7 9. exf7+ Kf8 10. 0-0 c6 11. Be3 Rc8 12. Be6 h5 13. Qg3 Ne8 14. Qxg6 d5 15. Bd4 Bh6 16. Qg8+ Rxg8 17. fxg8Q# 1-0